| 000 | 01352cam a22003374a 4500 | ||
|---|---|---|---|
| 999 |
_c28566 _d28537 |
||
| 001 | 4996351 | ||
| 003 | EG-ScBUE | ||
| 005 | 20200817123728.0 | ||
| 008 | 990625s2000 enk f b 001 0 eng d | ||
| 020 | _a9780415194624 | ||
| 020 | _a0415194628 (pbk) | ||
| 040 |
_aDLC _beng _erda _cDLC _dDLC _dEG-ScBUE |
||
| 082 | 0 | 4 |
_a320 _bMOD _222 |
| 245 | 0 | 0 |
_aModern political thought : _ba reader / _cedited by John Gingell, Adrian Little, and Christopher Winch. |
| 264 | 1 |
_aLondon ; _aNew York, NY : _bRoutledge, Taylor and Francis Group, _c2000. |
|
| 300 |
_ax, 293 pages ; _c24 cm |
||
| 336 |
_2rdacontent _atext _btxt |
||
| 337 |
_2rdamedia _aunmediated _bn |
||
| 338 |
_2rdacarrier _avolume _bnc |
||
| 504 | _aIncludes bibliographical references and index. | ||
| 650 | 7 |
_aPolitical science _xHistory. _2BUEsh |
|
| 653 |
_bGGEN _cJuly2020 |
||
| 655 |
_vReading book _934232 |
||
| 700 | 1 |
_aGingell, John, _eeditor. |
|
| 700 | 1 |
_aLittle, Adrian, _d1969- _eeditor. |
|
| 700 | 1 |
_aWinch, Christopher, _eeditor. |
|
| 856 | 4 | 2 |
_3Publisher description _uhttp://www.loc.gov/catdir/enhancements/fy0649/99037892-d.html |
| 906 |
_a7 _bcbc _corignew _d1 _eocip _f19 _gy-gencatlg |
||
| 942 |
_2ddc _cBB |
||